000 00412nam a2200193Ia 4500
001 12059
003 GE_BSU
008 181216s||||||||xx |||||||||||||| ||und||
020 _a9780099189619
040 _cGE_BSU
080 _a821.111-32
100 _aFry,Stephen
245 4 _aThe Hippopotamus
260 _aLondon
260 _bArrow Books.
300 _a18cm.
653 _aThe Hippopotamus
942 _cBK
999 _c45236
_d45236